| 000 | 00916cam a22002773a 4500 | ||
|---|---|---|---|
| 001 | 2293 | ||
| 003 | PGUSA | ||
| 005 | 20140828083013.0 | ||
| 008 | 000801s2000||||xxu|||||s|||||000 | eng d | ||
| 040 |
_aPGUSA _beng |
||
| 042 | _adc | ||
| 050 | 4 | _aPS | |
| 100 | 1 |
_aLarcom, Lucy, _d1824-1893 |
|
| 245 | 1 | 2 |
_aA New England Girlhood, Outlined from Memory (Beverly, MA) _h[electronic resource] / _cLucy Larcom |
| 260 |
_bProject Gutenberg, _c2000 |
||
| 506 | _aPublic domain in the USA. | ||
| 516 | _aElectronic text | ||
| 653 | _aLarcom, Lucy, 1824-1893 -- Childhood and youth | ||
| 653 | _aGirls -- New England | ||
| 653 | _aAuthors, American -- 19th century -- Biography | ||
| 653 | _aNew England -- Social life and customs | ||
| 653 | _aWomen textile workers -- Massachusetts -- Lowell -- Biography | ||
| 830 | 0 |
_aProject Gutenberg _v2293 |
|
| 856 | 4 | 0 | _uhttp://www.gutenberg.org/ebooks/2293 |
| 942 | _cEB | ||
| 999 |
_c231630 _d231630 |
||